| Tag |
First Indicator |
Second Indicator |
Subfields |
| LEADER |
00000cam a2200000 4500 |
| 001 |
in00000061908 |
| 005 |
20151008051102.0 |
| 008 |
750630r1965 eng u |
| 010 |
|
|
|a 65002348
|
| 035 |
|
|
|a (OCoLC)01421047
|
| 035 |
|
|
|9 AAG5617AM
|
| 040 |
|
|
|c TOL
|d TXA
|d UtOrBLW
|
| 049 |
|
|
|a TXAM
|c [459704]
|
| 050 |
|
0 |
|a Z675.U5
|b S6
|
| 092 |
|
|
|a 025.1
|b S645c, 1965
|
| 100 |
1 |
|
|a Smith, Denison Langley,
|d 1924-
|
| 245 |
1 |
0 |
|a College library administration in colleges of technology, art, commerce, and further education /
|c [by] D. L. Smith [and] E. G. Baxter.
|
| 264 |
|
1 |
|a London, New York :
|b Oxford University Press,
|c 1965.
|
| 300 |
|
|
|a vii, 185 pages ;
|c 23 cm.
|
| 336 |
|
|
|a text
|b txt
|2 rdacontent
|
| 337 |
|
|
|a unmediated
|b n
|2 rdamedia
|
| 338 |
|
|
|a volume
|b nc
|2 rdacarrier
|
| 504 |
|
|
|a Bibliography: pages [176]-182.
|
| 650 |
|
0 |
|a Academic libraries.
|
| 650 |
|
0 |
|a Library administration.
|
| 650 |
|
0 |
|a Libraries
|z Great Britain.
|
| 700 |
1 |
|
|a Baxter, Eric George,
|d 1918-
|
| 999 |
|
|
|a MARS
|
| 999 |
f |
f |
|s 563342ad-e34c-326b-ab41-41b362224eb8
|i 89202c43-2ae5-3906-9e0a-4a3693979ca7
|t 0
|
| 952 |
f |
f |
|p ric
|a Texas A&M University
|b Rellis Campus
|c Joint Library Facility
|d Remote Storage
|t 0
|e Z675.U5 S6
|h Library of Congress classification
|i unmediated -- volume
|m A14826689138
|
| 998 |
f |
f |
|a Z675.U5 S6
|t 0
|l Remote Storage
|